000 00745cam a2200277 4500
008 090401t1997 xxu||||| |||| 00| 0 eng d
020 _a0632041420
035 _a(Sirsi) u78000
041 _aeng
050 _a658.99
100 _aFryer, Barry
245 4 _aThe practice of construction management
260 _aOxford
_bBlackwell Science Ltd.
_c1997
300 _aix, 294p. ; 25cm.
350 _a21
650 _aCOMMUNICATION
650 _aCONSTRUCTION MANAGEMENT
_96230
650 _aHEALTH AND SAFETY
_96244
650 _aHUMAN RESOURCE MANAGEMENT
650 _aINDUSTRIAL RELATIONS
650 _aPERSONNEL MANAGEMENT
650 _aSTAFF DEVELOPMENT
690 _aBUILT ENVIRONMENT
942 _n0
948 _c28/04/1997
999 _c96378
_d96378